Pope`s Rape of the lock (Record no. 10195)

MARC details
000 -LEADER
fixed length control field 00455cam a2200181ua 4500
001 - CONTROL NUMBER
control field 11363
005 - DATE AND TIME OF LATEST TRANSACTION
control field 20260515114737.0
008 - FIXED-LENGTH DATA ELEMENTS--GENERAL INFORMATION
fixed length control field 190914n ii |||gr||||Z||||||eng
040 ## - CATALOGING SOURCE
Transcribing agency MAIN
082 ## - DEWEY DECIMAL CLASSIFICATION NUMBER
Classification number 821.5
100 ## - MAIN ENTRY--PERSONAL NAME
Personal name Alexander Pope,
Relator term Author.
245 ## - TITLE STATEMENT
Title Pope`s Rape of the lock
Statement of responsibility, etc. Edited by George Holden
260 ## - PUBLICATION, DISTRIBUTION, ETC.
Place of publication, distribution, etc. Delhi:
Name of publisher, distributor, etc. Surjeet Publications,
Date of publication, distribution, etc. 2016.
300 ## - PHYSICAL DESCRIPTION
Extent 102p.
653 ## - INDEX TERM--UNCONTROLLED
Uncontrolled term English poetry
653 ## - INDEX TERM--UNCONTROLLED
Uncontrolled term Epic poetry
942 ## - ADDED ENTRY ELEMENTS (KOHA)
Koha item type Books
Holdings
Withdrawn status Lost status Damaged status Not for loan Home library Current library Shelving location Date acquired Total checkouts Full call number Barcode Date last seen Copy number Price effective from Koha item type
        Naharkatiya College Library Naharkatiya College Library General stacks 09/19/2020   821.5English Literature | POP 27605 09/19/2020 1 09/19/2020 Books
        Naharkatiya College Library Naharkatiya College Library General stacks 09/19/2020   821.5English Literature | POP 27606 09/19/2020 2 09/19/2020 Books